000 00535nam a22001937a 4500
003 koha_MIRAKIL
005 20231213095921.0
008 231213b |||||||| |||| 00| 0 ||| d
020 _b978-6-05-526163-4
040 _aTR-IsEVY
_btur
_cTR-IsEVY
082 _a510 THE/E
100 _aThepault, Louis.
245 0 _aEğlenceli 100 küçük matematik problemi
260 _bBilge Kültür Sanat Yayınevi,
_c2013
300 _a222 s.
650 _aMatematiksel oyunlar.
650 _aMathematical recreations.
942 _2ddc
_cBK
999 _c11542
_d11542